{"text_format":"1","workbook":"xlsx","n_sheets":9,"sheets":["附件总表","附表一","附表二","附表三","附表四","附表五","附表六","附表七","附表八"],"not_rendered":{"charts":0,"images":0,"macros":0,"external_links":0,"defined_names":1,"comments":0,"pivot_tables":0},"unopened":[],"bounds":{"document_bytes":16777216,"sheet_cells":100000,"rows_first":2000,"rows_last":500,"rows_between":2000,"halvings":0,"cell_chars":16384,"cell_head_chars":4096},"cells_cut":0,"cells_raw":0,"read":"whole","date_system":"1900"}

{"sheet":"附件总表","index":0,"n_rows":13,"n_cols":7,"rows_kept":13,"cut":false,"hidden":false,"merged":[[0,0,0,6],[2,6,6,6],[7,6,12,6],[7,3,12,5]]}
["四川太极大药房连锁有限公司2014年办公物资定额汇总表"]
["序号","部门/门店类型","部门/门店数量","单店每月定额","单店全年定额","后勤/分类门店全年定额","总额"]
[1,"后勤部门",10,null,null,11079,225991]
[2,"旗舰店（含中药饮片、代煎药、中医坐诊）",1,4120,49442,49442]
[3,"一类店（不含中药饮片、代煎药、中医坐诊）",15,274,3288,49320]
[4,"二类店（不含中药饮片、代煎药、中医坐诊）",24,159,1912,45890]
[5,"三类店（不含中药饮片、代煎药、中医坐诊）",60,98,1171,70260]
[null,"一类店（含中药饮片）",11,"根据中药销售额梯度定相应办公物资定额（详见附表三），全年单店定额1680元-12300元，最高不超过12300元（中药销售增长明显可作相应办公物资定额调整）。",null,null,"中药配套物资全年不超过7万"]
[null,"二类店（含中药饮片）",15]
[null,"三类店（含中药饮片）",14]
[6,"一类店（含中药饮片、代煎药、中医坐诊）",9]
[7,"二类店（含中药饮片、代煎药、中医坐诊）",5]
[8,"三类店（含中药饮片、代煎药、中医坐诊）",3]

{"sheet":"附表一","index":1,"n_rows":56,"n_cols":14,"rows_kept":56,"cut":false,"hidden":false,"merged":[[0,0,0,13],[1,6,1,13],[2,6,2,7],[2,8,2,9],[2,10,2,11],[2,12,2,13],[1,3,3,3],[1,4,3,4],[1,5,3,5],[24,2,24,3],[54,2,54,3],[55,2,55,3],[1,0,3,0],[4,0,23,0],[25,0,41,0],[42,0,53,0],[54,0,55,0],[1,1,3,1],[1,2,3,2]]}
["低值易耗品、清洁用品定额表（附表一）"]
["使用规定","序号","品名","规格","单位","参考价格（元）","定额"]
[null,null,null,null,null,null,"旗舰店",null,"一类店",null,"二类店",null,"三类店"]
[null,null,null,null,null,null,"数量","金额","数量","金额","数量","金额","数量","金额"]
["低值易耗品（每月使用额度）",1,"打码机价签",null,"卷",9.5,1,{"$f":"G5*F5","v":9.5},0.5,{"$f":"I5*F5","v":4.75},0.25,{"$f":"K5*F5","v":2.375},0.125,{"$f":"M5*F5","v":1.1875}]
[null,2,"A4复印纸","普白（500张/包）","包",16.25,1,{"$f":"G6*F6","v":16.25},0.5,{"$f":"I6*F6","v":8.125},0.25,4.0625,0.125,{"$f":"M6*F6","v":2.03125}]
[null,3,"签字笔",null,"支",0.65,5,{"$f":"G7*F7","v":3.25},2,{"$f":"I7*F7","v":1.3},1,0.65,1,{"$f":"M7*F7","v":0.65}]
[null,4,"签字笔芯",null,"支",0.4,30,{"$f":"G8*F8","v":12},15,{"$f":"I8*F8","v":6},5,2,3,{"$f":"M8*F8","v":1.2000000000000002}]
[null,5,"封口胶","鸿盛","卷",10.5,1,{"$f":"G9*F9","v":10.5},0.5,5.25,0.25,2.625,0.125,{"$f":"M9*F9","v":1.3125}]
[null,6,"透明胶",null,"卷",0.5,2,1,1,0.5,0.25,0.125,0.125,6.25E-2]
[null,7,"双面胶",null,"卷",0.8,3,2.4000000000000004,2,1.6,0.5,0.4,0.25,0.2]
[null,8,"修正液","白雪","瓶",2.7,1,2.7,0.5,1.35,0.5,1.35,0.5,1.35]
[null,9,"胶水",null,"瓶",1,1,1,0.5,0.5,0.5,0.5,0.5,0.5]
[null,10,"订书针",null,"盒",1,1,1,0.5,0.5,0.25,0.25,0.125,0.125]
[null,11,"回形针",null,"盒",1.2,1,1.2,0.5,0.6,0.25,0.3,0.125,0.15]
[null,12,"大头针",null,"盒",1.3,0.5,0.65,0.5,0.65,0.5,0.65,0.25,0.32500000000000001]
[null,13,"橡皮筋",null,"袋",4.5,1,4.5,0.5,2.25,0.25,1.125,0.125,0.5625]
[null,14,"纸杯","50个/打","打",5,4,20,1,5,0.5,2.5,0.25,1.25]
[null,15,"复写纸","48开（收据用）","本",3.2,1,3.2,0.5,1.6,0.25,0.8,0.125,{"$f":"M19*F19","v":0.4}]
[null,16,"复写纸","16开（医生用）","本",7,2,14,1,7,0.5,3.5,0,0]
[null,17,"凭证粘贴单",null,"本",1,1,1,0.5,0.5,0.5,0.5,0.5,0.5]
[null,18,"费用报销单",null,"本",1,1,1,0.5,0.5,0.5,0.5,0.5,0.5]
[null,19,"专业POP笔","红、黑、蓝色","支",6.2,6,37.200000000000003,3,18.600000000000001,2,12.4,1,6.2]
[null,20,"POP笔补充液",null,"瓶",6.2,3,18.600000000000001,1,6.2,1,6.2,0.5,3.1]
["合计",null,"每月定额",null,null,null,null,{"$f":"SUM(H5:H24)","v":160.95000000000002},null,{"$f":"SUM(J5:J24)","v":72.775000000000006},null,{"$f":"SUM(L5:L24)","v":42.812500000000007},null,{"$f":"SUM(N5:N24)","v":21.606250000000003}]
["耐用消耗品（年度使用额度）",1,"电池","5#","对",1.9,2,{"$f":"G26*F26","v":3.8},1,{"$f":"I26*F26","v":1.9},1,{"$f":"K26*F26","v":1.9},1,{"$f":"M26*F26","v":1.9}]
[null,2,"电池","7#","对",1.9,2,{"$f":"G27*F27","v":3.8},1,{"$f":"I27*F27","v":1.9},1,{"$f":"K27*F27","v":1.9},1,{"$f":"M27*F27","v":1.9}]
[null,3,"原子印油","红色","瓶",2,6,{"$f":"F28*G28","v":12},3,{"$f":"I28*F28","v":6},1,{"$f":"K28*F28","v":2},1,{"$f":"M28*F28","v":2}]
[null,4,"快干印台","红色","个",7.2,1,7.2,1,7.2,0.5,3.6,0.5,3.6]
[null,5,"粘钩","3个/板","板",0.9,2,1.8,1,0.9,1,0.9,1,0.9]
[null,6,"计算器","Cayina","个",18,2,36,1,18,0.5,9,0.5,9]
[null,7,"拉杆夹",null,"个",0.8,2,1.6,1,0.8,1,0.8,1,0.8]
[null,8,"文件册","60页 ","本",6.8,1,6.8,1,6.8,1,6.8,1,6.8]
[null,9,"剪刀","得力","把",3.5,2,7,1,3.5,1,3.5,1,3.5]
[null,10,"美工刀","得力","把",4,2,8,1,4,1,4,1,4]
[null,11,"长尾票夹","中号（24个/盒）","盒",8.5,1,8.5,0.5,4.25,0.25,2.125,0.125,1.0625]
[null,12,"插线板","公牛3米6孔","个",34,2,68,1,34,1,34,1,34]
[null,13,"插线板","公牛5米6孔","个",48,1,48,0,0,0,0,0,0]
[null,14,"起钉器",null,"个",2.5,1,2.5,1,2.5,1,2.5,1,2.5]
[null,15,"订书机","普通","个",8,1,8,0.5,4,0.5,4,0.5,{"$f":"M40*F40","v":4}]
[null,16,"打码机",null,"个",26,0.5,13,0.5,13,0.25,6.5,0.125,3.25]
[null,17,"证照框",null,"个",5,10,50,5,25,5,25,5,25]
["清洁用品（年度使用额度）",18,"大垃圾袋","熬药室垃圾桶用","把",13,18,234,8,104,0,0,0,0]
[null,19,"洁厕净","兰科","瓶",1.9,12,22.799999999999997,6,11.399999999999999,2,3.8,1,1.9]
[null,20,"洗衣粉",null,"包",2.2000000000000002,6,{"$f":"F45*G45","v":13.200000000000001},3,{"$f":"I45*F45","v":6.6000000000000005},2,{"$f":"K45*F45","v":4.4000000000000004},1,2.2000000000000002]
[null,21,"胶手套",null,"付",3,8,24,4,12,2,6,1,3]
[null,22,"铁撮箕",null,"个",6.9,2,13.8,1,6.9,1,6.9,1,6.9]
[null,23,"垃圾筒","塑料","个",3.2,2,6.4,1,3.2,1,3.2,1,3.2]
[null,24,"扫把",null,"把",4,5,20,2,8,2,8,1,{"$f":"M49*F49","v":4}]
[null,25,"拖把","0.6米","把",29,3,87,1,29,1,29,1,29]
[null,26,"拖把","圆拖","把",8.5,5,42.5,3,25.5,2,17,2,17]
[null,27,"杀虫剂",null,"瓶",18.5,2,37,1,18.5,0.5,9.25,0.5,9.25]
[null,28,"毛巾",null,"张",3.5,12,42,6,21,3,10.5,2,7]
[null,29,"鸡毛掸子",null,"个",10,4,40,2,20,1,10,1,10]
["合计",null,"每年定额",null,null,null,null,{"$f":"SUM(H28:H54)","v":861.09999999999991},null,{"$f":"SUM(J28:J54)","v":396.04999999999995},null,{"$f":"SUM(L28:L54)","v":212.77500000000001},null,{"$f":"SUM(N28:N54)","v":193.86250000000001}]
[null,null,"每月定额（合计数/12个月）",null,null,null,null,{"$f":"H55/12","v":71.758333333333326},null,{"$f":"J55/12","v":33.004166666666663},null,{"$f":"L55/12","v":17.731249999999999},null,16.16]

{"sheet":"附表二","index":2,"n_rows":32,"n_cols":14,"rows_kept":32,"cut":false,"hidden":false,"merged":[[1,2,3,2],[11,0,20,0],[21,0,22,0],[25,6,30,13],[23,2,23,3],[0,0,0,13],[1,6,1,13],[2,6,2,7],[2,8,2,9],[2,10,2,11],[2,12,2,13],[24,2,24,3],[1,4,3,4],[1,5,3,5],[1,1,3,1],[31,0,31,13],[23,0,24,0],[25,0,30,0],[1,3,3,3],[1,0,3,0],[4,0,10,0]]}
["耗材、定制品、劳保用品定额表（附表二）"]
["类型","序号","品名","规格","单位","参考价格（元）","定额"]
[null,null,null,null,null,null,"旗舰店",null,"一类店",null,"二类店",null,"三类店"]
[null,null,null,null,null,null,"数量","金额","数量","金额","数量","金额","数量","金额"]
["耗材（每年定额）",1,"收银纸","75*60彩双","件",143,45,{"$f":"F5*G5","v":6435},8,{"$f":"I5*F5","v":1144},5,{"$f":"K5*F5","v":715},3,{"$f":"M5*F5","v":429}]
[null,2,"电脑打印纸","241-2（打盘点表）","件",39,4,{"$f":"F6*G6","v":156},2,{"$f":"I6*F6","v":78},1,{"$f":"K6*F6","v":39},0.5,{"$f":"M6*F6","v":19.5}]
[null,3,"硒鼓","旗舰店专用","个",180,1,180,0,0,0,0,0,0]
[null,4,"硒鼓加粉","旗舰店专用","次",45,4,180,0,0,0,0,0,0]
[null,5,"色带","star712（收银机用）","个",3,10,30,3,9,2,6,1,3]
[null,6,"色带","590K/得实2600II","个",7,4,28,2,14,1,7,1,7]
[null,7,"碳带","打价签（中心店用）","个",30,2,60,2,60,0,0,0,0]
["定制印刷品（每年定额）",1,"防伪标签","176个/张","张",1.3,20,26,10,13,5,6.5,3,3.9000000000000004]
[null,2,"社保缴款单",null,"本",1.5,48,72,8,12,8,12,8,12]
[null,3,"拆零药袋","100个/打","打",6,10,60,5,30,3,18,1,6]
[null,4,"商品价签","600张/卷","卷",24,2,48,4,96,0,0,0,0]
[null,5,"药品价签","600张/卷","卷",24,1,24,1,24,0,0,0,0]
[null,6,"GSP登记表格","5本/套","套",15,null,0,null,0,null,0,null,0]
[null,7,"会员信息登记本","60页/本","本",3,12,36,4,12,3,9,2,6]
[null,8,"交班本","50页/本","本",2,12,24,12,24,12,24,12,24]
[null,9,"顾客意见本","50页/本","本",4,null,0,null,0,null,0,null,0]
[null,10,"会员卡","250张/盒","盒",42.5,10,425,6,255,4,170,2,85]
["特殊产品（每年定额）",11,"温湿度计（店内用）",null,"个",30,1,30,1,30,1,30,1,30]
[null,12,"温湿度计（冰柜用）",null,"个",20,2,40,1,20,1,20,1,20]
["合计",null,"每年定额",null,null,null,null,{"$f":"SUM(H5:H23)","v":7854},null,{"$f":"SUM(J5:J23)","v":1821},null,{"$f":"SUM(L5:L23)","v":1056.5},null,{"$f":"SUM(N5:N23)","v":645.4}]
[null,null,"每月定额（合计数/12个月）",null,null,null,null,{"$f":"H24/12","v":654.5},null,{"$f":"J24/12","v":151.75},null,{"$f":"L24/12","v":88.041666666666671},null,{"$f":"N24/12","v":53.783333333333331}]
["劳保用品（2年定额）",1,"营业员服装","女士（夏装）","件",100,"每名员工2年内可领用工作服夏装2套、冬装2套、头花1个、工牌一个。在2年内出现损坏、遗失申领、辞职等情况，将按2013年《关于下发夏季工作服通知》要求赔偿。"]
[null,2,"营业员服装","女士（冬装）","件",100]
[null,3,"营业员服装","男士（夏装）","件",100]
[null,4,"营业员服装","男士（冬装）","件",100]
[null,7,"头花",null,"个",5]
[null,8,"工牌",null,"个",4]
["说明：空白部分不作定额要求，按照实际工作要求申领。"]

{"sheet":"附表三","index":3,"n_rows":42,"n_cols":14,"rows_kept":42,"cut":false,"hidden":false,"merged":[[0,0,0,13],[1,6,1,13],[2,6,2,7],[2,8,2,9],[2,10,2,11],[1,0,3,0],[1,4,3,4],[1,5,3,5],[19,1,19,3],[38,8,38,13],[1,1,3,1],[1,2,3,2],[1,3,3,3],[2,12,2,13],[39,6,41,13],[20,8,36,13],[37,8,37,13],[4,0,17,0],[19,0,36,0],[39,0,41,0],[37,0,38,1],[18,1,18,3],[37,2,37,3],[38,2,38,3]]}
["中药饮片门店销售配套专用物资定额表（附表三）"]
["类型","序号","品名","规格","单位","参考价格（元）","定额"]
[null,null,null,null,null,null,"旗舰店",null,"一类店",null,"二类店",null,"三类店"]
[null,null,null,null,null,null,"数量","金额","数量","金额","数量","金额","数量","金额"]
["中药器具（5年定额）",1,"油漆刷","刷药粉","把",2,4,{"$f":"G5*F5","v":8},2,{"$f":"I5*F5","v":4},1,{"$f":"K5*F5","v":2},1,{"$f":"M5*F5","v":2}]
[null,2,"中药杆秤","250g","把",25,3,{"$f":"G6*F6","v":75},3,{"$f":"I6*F6","v":75},1,{"$f":"K6*F6","v":25},0,{"$f":"M6*F6","v":0}]
[null,3,"中药藤编筐",null,"个",15.5,15,232.5,10,155,8,124,5,77.5]
[null,4,"中药玻璃盘","大号、2.2L","个",14,5,70,0,0,0,0,0,0]
[null,5,"中药玻璃盘","中号、1.8L","个",13,10,130,10,130,6,78,4,52]
[null,6,"中药玻璃盘","小号、1.2L","个",11,20,220,10,110,6,66,4,44]
[null,7,"中药调配盘","35cm","个",12,10,120,3,36,3,36,0,0]
[null,8,"中药玻璃瓶",null,"个",22,20,440,8,176,4,88,2,44]
[null,9,"青花瓷中药罐",null,"个",15,15,225,8,120,4,60,2,30]
[null,10,"丝漏",null,"个",18,3,54,1,18,1,18,0,0]
[null,11,"对窝",null,"个",45,5,225,2,90,1,45,0,0]
[null,12,"中药粉叉","当调羹用的","个",7,2,14,1,7,1,7,1,7]
[null,13,"西洋参夹子",null,"把",3,10,30,1,3,1,3,1,{"$f":"M17*F17","v":3}]
[null,14,"中药标签",null,"本",50,2,100,1,50,1,50,1,{"$f":"M18*F18","v":50}]
[null,"合计",null,null,null,null,null,{"$f":"SUM(H5:H18)","v":1943.5},null,{"$f":"SUM(J5:J18)","v":974},null,{"$f":"SUM(L5:L18)","v":602},null,{"$f":"SUM(N5:N18)","v":309.5}]
["散卖中药饮片（限1-6项,由门店自行采购）、中医坐诊、具备代煎药资格门店专用（每年定额）","每月定额（合计数/60个月）",null,null,null,null,null,32.4,null,16.23,null,10.029999999999999,null,5.2]
[null,1,"玻璃纸塑料袋","大号","个",0.09,500,{"$f":"G21*F21","v":45},"根据中药销售额订。全年销售额100万及以上的门店，全年物资费用不超过9000元；全年销售额50万元（含）至100万元（不含），全年费用不超过6000元；全年销售额10万元（含）至50万（不含）的门店，全年物资费用不超过3500元；全年销售10万（不含）以下的门店，全年物资费用不超过1500元；全年销售额5万元以下的门店，全年物资费用不超过500元。（中药销售增长明显可作相应办公物资定额调整）"]
[null,2,"玻璃纸塑料袋","中号","个",7.0000000000000007E-2,1000,70]
[null,3,"玻璃纸塑料袋","小号","个",0.06,1000,60]
[null,4,"自封袋","大号（30×20cm）","个",0.09,200,18]
[null,5,"自封袋","中号（17×12cm）","个",0.08,200,16]
[null,6,"自封袋","小号（12×8cm）","个",7.0000000000000007E-2,500,35]
[null,7,"垃圾桶","塑料（熬药用）","个",55,1,55]
[null,8,"中药牛皮包装袋",null,"个",0.16200000000000001,100000,16200]
[null,9,"中药牛皮包装纸",null,"张",0.5,1000,500]
[null,10,"中药处方签",null,"本",3,600,{"$f":"G30*F30","v":1800}]
[null,11,"诊所门诊登记表",null,"本",3,48,144]
[null,12,"熬药袋（大号）","300个/件","件",240,8,1920]
[null,13,"熬药袋（中号）","600个/件","件",270,12,3240]
[null,14,"熬药袋（小号）","600个/件","件",240,0,0]
[null,15,"吸管","1万支/件","件",140,4,560]
[null,16,"中药包装卷","5000个/件","件",446,30,13380]
[null,17,"中药熬药签(提醒贴)","50张/本","本",0.6,600,360]
["合计",null,"每年定额",null,null,null,null,{"$f":"SUM(H21:H37)","v":38403},"1500-9000"]
[null,null,"每月定额(合计数/12个月）",null,null,null,null,{"$f":"H38/12","v":3200.25},"42-750"]
["2年定额",1,"贵细柜台工作服",null,"件",125,"每名员工2年内可领用工作服夏、冬装各2套。在2年内出现损坏、遗失申领、辞职等情况，将按相关文件要求赔偿。"]
[null,2,"医生白大褂","夏装","件",25]
[null,3,"医生白大褂","冬装","件",30]

{"sheet":"附表四","index":4,"n_rows":15,"n_cols":11,"rows_kept":15,"cut":false,"hidden":false,"merged":[[0,0,0,10],[1,0,3,0],[1,1,3,1],[1,2,2,3],[1,4,2,6],[1,7,2,8],[1,9,2,10]]}
["后勤部门办公物资定额表（附表四）"]
["部门","人数","低值易耗品定额（单位：元）",null,"A4纸定额（每月）",null,null,"打印纸定额（241-1/241-2/241-3)",null,"办公用品定额（单位：元）"]
[]
[null,null,"人/月","部门/月","包/元","包","金额","件","金额","每月定额","全年定额"]
["办公室",4,5,{"$f":"B5*C5","v":20},16.25,4,{"$f":"F5*E5","v":65},0,null,{"$f":"D5+G5+H5","v":85},{"$f":"J5*12","v":1020}]
["保卫部",2,5,10,16.25,1,16.25,0,null,26.25,315]
["人事部",5,5,25,16.25,2,32.5,0,null,57.5,690]
["质管部",2,5,10,16.25,2,32.5,0,null,42.5,510]
["发展部",6,5,30,16.25,2,32.5,0,null,62.5,750]
["信息部",6,5,30,16.25,1,16.25,0,null,46.25,555]
["营运部",12,5,60,16.25,8,130,0,null,190,2280]
["业务部",10,5,50,16.25,2,32.5,0.5,19.5,83,996]
["财务部",10,5,50,16.25,2,32.5,10,370,92.5,1110]
["物流部",39,5,195,16.25,1,16.25,26.5,868,237.75,2853]
["合计",null,null,{"$f":"SUM(D5:D14)","v":480},null,{"$f":"SUM(F5:F14)","v":25},null,null,null,923.25,11079]

{"sheet":"附表五","index":5,"n_rows":54,"n_cols":21,"rows_kept":54,"cut":false,"hidden":false,"merged":[[0,0,0,7],[1,0,2,0],[3,0,7,0],[8,0,18,0],[1,6,2,6],[1,4,2,4],[52,0,53,0],[1,1,2,1],[1,2,2,2],[1,3,2,3],[21,0,46,0],[1,5,2,5],[19,0,20,0]]}
["   门店办公物资申请表（附表五）       申报时间：2016  年  3 月 25  日"]
["类型","序号","品名","规格","单位","参考价格","（  高新    片区）数量汇总","门店：（邓双     ）     ","门店：（  天久北巷店  ）     ","门店：（   大源北街店    ）     ","门店：（    楠丰路店   ）     ","门店：（  柳荫店  ）     ","门店：（   双流锦华店     ）     ","门店：（  华阳正东中街店     ）     ","门店：（   新津正东街店     ）     ","门店：（ 新乐中街店     ）     ","门店：（  府城大道店    ）     ","门店：（   新津兴义店     ）     ","门店：（   民丰西路店     ）     ","门店：（ 五津西路 ）     ","门店：（ 新园大道店 ）     "]
[null,null,null,null,null,null,null,"申请数量","申请数量","申请数量","申请数量","申请数量","申请数量","申请数量","申请数量","申请数量","申请数量","申请数量","申请数量","申请数量","申请数量"]
["耗材",1,"收银纸","75*60彩双","件",143,null,null,1]
[null,2,"电脑打印纸","241-2（打盘点表）","件",39,null,null,1]
[null,3,"色带","star712（收银机用）","个",3,null,null,2]
[null,4,"色带","590K/得实2600II","个",7,null,null,2]
[null,5,"碳带","打价签（中心店用）","个",30]
["定制印刷品",6,"防伪标签","176个/张","张",1.3,null,null,1]
[null,7,"社保缴款单",null,"本",1.5]
[null,8,"拆零药袋","100个/打","打",6]
[null,9,"商品价签","600张/卷","卷",24,null,null,1]
[null,10,"药品价签","600张/卷","卷",24,null,null,1]
[null,11,"GSP登记表格","5本/套","套",15]
[null,12,"会员信息登记本","60页/本","本",3]
[null,13,"交班本","50页/本","本",2]
[null,14,"顾客意见本","50页/本","本",4]
[null,null,"积分抵现登记本","30页/本","本",2]
[null,15,"会员卡","250张/盒","盒",42.5]
["特殊产品",16,"温湿度计（店内用）",null,"个",30]
[null,17,"温湿度计（冰柜用）",null,"个",20]
["中药销售专用(限中药饮片销售门店领用）",18,"中药牛皮包装袋",null,"个",0.16200000000000001]
[null,19,"中药牛皮包装纸",null,"张",0.5]
[null,20,"油漆刷","刷药粉","把",2.5]
[null,21,"中药杆秤","250g","把",25]
[null,22,"中药藤编筐",null,"个",15.5]
[null,23,"中药玻璃盘","大号、2.2L","个",14]
[null,24,"中药玻璃盘","中号、1.8L","个",13]
[null,25,"中药玻璃盘","小号、1.2L","个",11]
[null,26,"中药调配盘","35cm","个",12]
[null,27,"中药玻璃瓶",null,"个",25]
[null,28,"青花瓷中药罐",null,"个",15]
[null,29,"丝漏",null,"个",18]
[null,30,"对窝",null,"个",45]
[null,31,"电子称","3kg(普通贵细）","台",380]
[null,32,"电子称","虫草专用","台",420]
[null,33,"中药粉叉","当调羹用的","个",7]
[null,34,"西洋参夹子",null,"把",3]
[null,35,"中药标签",null,"本",50]
[null,36,"中药处方签",null,"本",3]
[null,37,"诊所门诊登记表",null,"本",3]
[null,38,"中药一次性熬药袋（大号）","300个/件","件",240]
[null,39,"中药一次性熬药袋（中号）","600个/件","件",270]
[null,40,"中药一次性熬药袋（小号）","600个/件","件",240]
[null,41,"吸管","1万支/件","件",140]
[null,42,"中药包装卷","2组/件","件",446]
[null,43,"中药熬药签(提醒贴)","50张/本","本",0.6]
[]
[null,null,"色带架","star712（收银机用）","个",null,null,null,null,null,null,null,null,null,null,null,null,1,2]
[null,null,"色带架","590K/得实2600II","个",null,null,null,null,null,null,null,null,null,null,null,null,null,1]
[]
[null,null,"收银打印机色带架 "]
["附表三",1,"自封袋","大号（30×20cm）","个",0.09]
[null,2,"自封袋","中号（17×12cm）","个",0.08]

{"sheet":"附表六","index":6,"n_rows":13,"n_cols":14,"rows_kept":13,"cut":false,"hidden":false,"merged":[[0,0,0,13],[1,7,1,12],[7,7,7,12],[8,7,8,12],[9,7,9,12],[10,7,10,12],[1,0,2,0],[1,1,2,1],[1,6,2,6],[1,13,2,13],[1,2,2,2],[1,3,2,3],[1,4,2,4],[1,5,2,5],[11,7,12,12]]}
["劳保用品申请表（门店名称：              ）附表六"]
["序号","品名","规格","单位","参考价格","数量","申请原因","新申领需要报",null,null,null,null,null,"备注"]
[null,null,null,null,null,null,null,"性别","身高 ","肩宽","胸围","腰围","臀围"]
[1,"营业员服装","男士（夏装）","件",100]
[2,"营业员服装","男士（冬装）","件",100]
[3,"贵细柜台工作服",null,"件",125]
[4,"收银台工作服","限旗舰店","件"]
[5,"营业员服装","女士（夏装）","件",100,1,null,"型号：(S/M/L/XL/XXL):"]
[6,"营业员服装","女士（冬装）","件",100,1,null,"型号：(S/M/L/XL/XXL):"]
[7,"医生白大褂","夏装","件",25,null,null,"型号：(S/M/L/XL/XXL):"]
[8,"医生白大褂","冬装","件",30,null,null,"型号：(S/M/L/XL/XXL):"]
[9,"头花","限长发女士","个",5,1,"头花已坏，需重新换新的一个","--------------"]
[10,"工牌",null,"个",4,3]

{"sheet":"附表七","index":7,"n_rows":16,"n_cols":8,"rows_kept":16,"cut":false,"hidden":false,"merged":[[0,0,0,7]]}
["后勤部门办公物资申请表（附表七）"]
["序号","品名","单位","型号","数量","单价","金额","备注"]
[]
[]
[]
[]
[]
[]
[]
[]
[]
[]
[]
[]
[]
["合计"]

{"sheet":"附表八","index":8,"n_rows":102,"n_cols":3,"rows_kept":102,"cut":false,"hidden":false,"merged":[[0,0,0,2]]}
["门店分类表（附表八）"]
["序号","门店名称","门店类型"]
[1,"四川太极旗舰店","旗舰店"]
[2,"四川太极浆洗街药店","一类"]
[3,"四川太极邛崃中心药店","一类"]
[4,"四川太极光华药店","一类"]
[5,"四川太极西部店","一类"]
[6,"四川太极光华村街药店","一类"]
[7,"四川太极高新区民丰大道西段药店","一类"]
[8,"四川太极沙河源药店","一类"]
[9,"四川太极成华区华泰路药店","一类"]
[10,"四川太极红星店","一类"]
[11,"四川太极双林路药店","一类"]
[12,"四川太极崇州中心店","一类"]
[13,"四川太极青羊区十二桥药店","一类"]
[14,"四川太极成华区万科路药店","一类"]
[15,"四川太极高新区府城大道西段店","一类"]
[16,"四川太极成华区羊子山西路药店（兴元华盛）","一类"]
[17,"四川太极温江店","二类"]
[18,"四川太极五津西路药店","二类"]
[19,"四川太极成华区华油路药店","二类"]
[20,"四川太极怀远店","二类"]
[21,"四川太极新乐中街药店","二类"]
[22,"四川太极金牛区交大路第三药店","二类"]
[23,"四川太极金丝街药店","二类"]
[24,"四川太极都江堰药店","二类"]
[25,"四川太极青羊区北东街店","二类"]
[26,"四川太极枣子巷药店","二类"]
[27,"四川太极人民中路店","二类"]
[28,"四川太极滨江东路药店","二类"]
[29,"四川太极三江店","二类"]
[30,"四川太极新津邓双镇岷江店","二类"]
[31,"四川太极新都区新繁镇繁江北路药店","二类"]
[32,"四川太极送仙桥药店","二类"]
[33,"四川太极金带街药店","二类"]
[34,"四川太极大邑县晋源镇富民路药店","二类"]
[35,"四川太极大邑县晋原镇内蒙古大道药店","二类"]
[36,"四川太极成华区二环路北四段药店（汇融名城）","二类"]
[37,"四川太极清江东路药店","二类"]
[38,"四川太极青羊区浣花滨河路药店","二类"]
[39,"四川太极华阳正东中街店","二类"]
[40,"四川太极大邑县晋原镇通达东路五段药店","二类"]
[41,"四川太极武侯区一环路南一段药店","三类"]
[42,"四川太极武侯区顺和街店","三类"]
[43,"四川太极都江堰幸福镇翔风路药店","三类"]
[44,"四川太极龙潭西路店","三类"]
[45,"四川太极通盈街药店","三类"]
[46,"四川太极大邑县晋原镇子龙路店","三类"]
[47,"四川太极都江堰奎光路中段药店","三类"]
[48,"四川太极邛崃市临邛镇长安大道药店","三类"]
[49,"四川太极土龙路药店","三类"]
[50,"四川太极新园大道药店","三类"]
[51,"四川太极武侯大道双楠段店","三类"]
[52,"四川太极温江区柳城街道同兴东路药店","三类"]
[53,"四川太极高新区中和街道柳荫街药店","三类"]
[54,"四川太极大邑县安仁镇千禧街药店","三类"]
[55,"四川太极邛崃市临邛镇洪川小区药店","三类"]
[56,"四川太极南湖路药店","三类"]
[57,"四川太极都江堰景中路店","三类"]
[58,"四川太极成华区崔家店路药店","三类"]
[59,"四川太极成华区玉双路药店","三类"]
[60,"四川太极都江堰胥家镇重庆路药店","三类"]
[61,"四川太极锦江区观音桥街药店","三类"]
[62,"四川太极金牛区白马寺街药店","三类"]
[63,"四川太极新都三河场镇天海路药店","三类"]
[64,"四川太极高新区大源北街药店","三类"]
[65,"四川太极武侯区燃灯寺东街药店","三类"]
[66,"四川太极大药房金牛区五里墩支路药店","三类"]
[67,"四川太极黄金路药店","三类"]
[68,"四川太极双流县西航港街道锦华路一段药店","三类"]
[69,"四川太极柳城正通东路药店","三类"]
[70,"四川太极郫县郫筒镇东大街药店","三类"]
[71,"四川太极金牛区黄苑东街药店","三类"]
[72,"四川太极成华杉板桥南一路店","三类"]
[73,"四川太极都江堰市蒲阳路药店","三类"]
[74,"四川太极新都区马超东路店","三类"]
[75,"四川太极邛崃市羊安镇永康大道药店","三类"]
[76,"四川太极青羊区群和路药店","三类"]
[77,"四川太极新津县正东街店","三类"]
[78,"四川太极高新天久北巷药店","三类"]
[79,"四川太极邛崃市临邛镇汇源街药店","三类"]
[80,"四川太极锦江区柳翠路药店","三类"]
[81,"四川太极大邑县新场镇文昌街药店","三类"]
[82,"四川太极锦江区水杉街药店","三类"]
[83,"四川太极羊马店","三类"]
[84,"四川太极青白江区华金大道二段药店","三类"]
[85,"四川太极大邑县晋源镇东壕沟段药店","三类"]
[86,"四川太极龙泉驿区同安镇锦绣路店","三类"]
[87,"四川太极都江堰市蒲阳镇堰问道西路药店","三类"]
[88,"四川太极锦江区楠丰路店","三类"]
[89,"四川太极双流县东升镇清泰路药店","三类"]
[90,"四川太极龙泉驿区东街药店","三类"]
[91,"四川太极大邑县晋源镇围城北路西段药店","三类"]
[92,"四川太极成华区双建路店","三类"]
[93,"四川太极大邑县沙渠镇方圆路药店","三类"]
[94,"四川太极营兴路药店","三类"]
[95,"四川太极新都区新泰西路药店","三类"]
[96,"四川太极都江堰聚源镇药店","三类"]
[97,"四川太极邛崃市平乐镇台子街药店","三类"]
[98,"四川太极新津县五津镇外西街药店","三类"]
[99,"四川太极兴义镇万兴路药店","三类"]
[100,"四川太极都江堰灌口镇外北街药店","三类"]